Situation analysis of the gender terrain at Makerere University. (Record no. 3234)

MARC details
000 -LEADER
fixed length control field 01227cam a2200325 a 4500
001 - CONTROL NUMBER
control field 15389630
003 - CONTROL NUMBER IDENTIFIER
control field OSt
005 - DATE AND TIME OF LATEST TRANSACTION
control field 20160310142146.0
008 - FIXED-LENGTH DATA ELEMENTS--GENERAL INFORMATION
fixed length control field 080731s2007 ug a b f000 0 eng
010 ## - LIBRARY OF CONGRESS CONTROL NUMBER
LC control number 2008346703
020 ## - INTERNATIONAL STANDARD BOOK NUMBER
International Standard Book Number 9789970026067
040 ## - CATALOGING SOURCE
Original cataloging agency DLC
Transcribing agency DLC
Modifying agency DLC
042 ## - AUTHENTICATION CODE
Authentication code lcode
043 ## - GEOGRAPHIC AREA CODE
Geographic area code f-ug---
050 00 - LIBRARY OF CONGRESS CALL NUMBER
Classification number HQ1236.5.U33
Item number S58 2007
082 ## - DEWEY DECIMAL CLASSIFICATION NUMBER
Classification number 305.3
Item number SIT 2007
245 00 - TITLE STATEMENT
Title Situation analysis of the gender terrain at Makerere University.
260 ## - PUBLICATION, DISTRIBUTION, ETC. (IMPRINT)
Place of publication, distribution, etc. Kampala :
Name of publisher, distributor, etc. Fountain Publishers on behalf of Gender Mainstreaming Division, Office of the Academic Registrar, Makerere University,
Date of publication, distribution, etc. 2007.
300 ## - PHYSICAL DESCRIPTION
Extent xxx, 143 p. :
Other physical details ill. ;
Dimensions 25 cm.
504 ## - BIBLIOGRAPHY, ETC. NOTE
Bibliography, etc Includes bibliographical references.
610 20 - SUBJECT ADDED ENTRY--CORPORATE NAME
Corporate name or jurisdiction name as entry element Makerere University.
Subordinate unit Gender Mainstreaming Division.
9 (RLIN) 7270
610 20 - SUBJECT ADDED ENTRY--CORPORATE NAME
Corporate name or jurisdiction name as entry element Makerere University
General subdivision Students.
9 (RLIN) 7271
650 #0 - SUBJECT ADDED ENTRY--TOPICAL TERM
Topical term or geographic name as entry element Gender mainstreaming
Geographic subdivision Uganda
-- Kampala
9 (RLIN) 7272
650 #0 - SUBJECT ADDED ENTRY--TOPICAL TERM
Topical term or geographic name as entry element Women college students
Geographic subdivision Uganda
-- Kampala.
9 (RLIN) 7273
650 #0 - SUBJECT ADDED ENTRY--TOPICAL TERM
Topical term or geographic name as entry element Sex role
Geographic subdivision Uganda
-- Kampala.
9 (RLIN) 7274
710 2# - ADDED ENTRY--CORPORATE NAME
Corporate name or jurisdiction name as entry element Makerere University.
Subordinate unit Gender Mainstreaming Division.
9 (RLIN) 7275
906 ## - LOCAL DATA ELEMENT F, LDF (RLIN)
a 7
b cbc
c origode
d 3
e ncip
f 20
g y-gencatlg
942 ## - ADDED ENTRY ELEMENTS (KOHA)
Source of classification or shelving scheme Dewey Decimal Classification
Koha item type Short Loan
Holdings
Withdrawn status Lost status Source of classification or shelving scheme Damaged status Not for loan Home library Current library Date acquired Inventory number Total Checkouts Full call number Barcode Date last seen Price effective from Koha item type
    Dewey Decimal Classification     MUST Main Library MUST Main Library 10/03/2016 2007/28917   305.3 SIT 2007 2016-0423 10/03/2016 10/03/2016 Short Loan